LEADER 01110nam--2200361---450- 001 990002387510203316 005 20100429140049.0 010 $a978-88-7870-386-5 035 $a000238751 035 $aUSA01000238751 035 $a(ALEPH)000238751USA01 035 $a000238751 100 $a20050201d2009----km-y0itay50------ba 101 0 $aita 102 $aIT 105 $ay|||||||001yy 200 1 $aPoesia come corpo-voce$eipotesi teoriche e esempi novecenteschi$e(Yeats, Lorca, Artaud, Bene)$fFrancesca Gasparini 210 $aRoma$cBulzoni$d2009 215 $a431 p.$d21 cm 225 2 $aCulture teatrali$v11 410 0$12001$aCulture teatrali 606 0 $aPoesia$xRapporti [con il] Teatro$zSec. 20.$2BNCF 676 $a809.104 700 1$aGASPARINI,$bFrancesca$0571976 801 0$aIT$bsalbc$gISBD 912 $a990002387510203316 951 $aVIII.3. 467$b2516 L.G.$cVIII.3.$d00257824 959 $aBK 969 $aUMA 979 $aACQUISTI$b10$c20050201$lUSA01$h1654 979 $aANNAMARIA$b90$c20100429$lUSA01$h1400 996 $aPoesia come corpo-voce$91063876 997 $aUNISA LEADER 01232nam a2200301 i 4500 001 991001321919707536 005 20020507114426.0 008 960521s1975 it ||| | ita 035 $ab10204441-39ule_inst 035 $aLE00645833$9ExL 040 $aBibl. Dip.le Aggr. Matematica e Fisica - Sez. Fisica$beng 082 04$a515.9 084 $a510(022:076) 084 $aLC QA331.7 100 1 $aSpiegel, Murray R.$01929 245 10$aVariabili complesse :$b640 esercizi risolti /$cMurray R. Spiegel 260 $aMilano :$bEtas Libri,$c1975 300 $a319 p. ;$c27 cm 490 0 $aCollana Schaum ;$v15 650 4$aVariables (Mathematics) 907 $a.b10204441$b12-09-18$c27-06-02 912 $a991001321919707536 945 $aLE006 510(022+076) SCH$g2$iLE006-3492$lle006$on$pE0.00$q-$rl$sm $t0$u0$v0$w0$x0$y.i10252514$z27-06-02 945 $aLE006 510(022+076) SCH$g1$iLE006-3493$lle006$on$pE0.00$q-$rl$sm $t0$u0$v0$w0$x0$y.i10252526$z27-06-02 945 $aLE006 Fondo Soliani 086$cEx libris Giulio Soliani$g1$i2006000101127$lle006$og$pE43.63$q-$rl$s- $t0$u0$v0$w0$x0$y.i15859642$z12-09-18 996 $aComplex variables$927044 997 $aUNISALENTO 998 $ale006$b01-01-96$cm$da $e-$fita$git $h0$i2